Statistics for Five Nights at Freddy's Gaming Franchise

Click here to take the quiz!

General Stats

  • This quiz has been taken 135 times
  • The average score is 8 of 10

Answer Stats

HintGame% Correct
As an anonymous night guard, you must survive five nights as you are hunted by five animatronics hell-bent on killing you.Five Nights at Freddy's
99%
Freddy Fazbear's pizza is re-opened with new versions of the animatronics and the same animatronics from the previous Freddy Fazbear's pizza restaurant.Five Nights at Freddy's 2
98%
30 years after the events that took place in the first game, a new company named Fazbear's Fright: The Horror Attraction, tries to find out if the legends were true.Five Nights at Freddy's 3
98%
One day a child goes to Freddy Fazbear's Pizza restaurant. The next day strange things start to happen. A package arrives at his front door, an invitation to an anonymous birthday party. Things lurk around during the night at Freddy Fazbear's. The boy must somehow survive until the party.Five Nights at Freddy's 4
97%
Welcome to Circus Baby's Pizza World, where family fun and interactivity go beyond anything you've seen at those *other* pizza places.Five Nights at Freddy's: Sister Location
94%
The game allows the player to choose from 50 characters from all Five Nights at Freddy's games, and set their difficulty levels for the nightUltimate Custom Night
79%
The player buys decorations for their fictional restaurant and places them around the restaurant. Buying these items can increase the atmosphere, health/safety and entertainment standards, with the possibility of also giving them extra revenue.Freddy Fazbear's Pizzeria Simulator
74%
You're hired! - Time to get your hands dirty. Repair claustrophobic ventilation systems, troubleshoot broken animatronics that could activate at any moment, or spend your evenings cowering in the nighttime security guard office.Five Nights at Freddy's: Help Wanted
72%
The player starts by choosing two parties consisting of four characters each. The starter characters, the original and toy versions of the first main games characters, can all be swapped in and out of the party.FNaF World
67%
Fazbear Entertainment's brand new "Fazbear Funtime Service" sends players their favorite animatronics on-demand. Due to unfortunate circumstances, the visiting animatronics malfunction and attack subscribers instead of entertaining them.Five Nights at Freddy's: Special Delivery
41%

Score Distribution

Percentile by Number Answered

Percent of People with Each Score

Your Score History

You have not taken this quiz